Largest Cities in Asia Beginning With 'A' - Statistics

General Stats
  • This quiz has been taken 282 times
  • The average score is 11 of 18
Answer Stats
# Population Answer % Correct
3 5,250,000 Ankara
94%
1 9,050,000 Ahmadābād
93%
2 5,700,000 Amman
85%
6 2,250,000 Almaty
79%
7 1,980,000 Aleppo
74%
4 2,425,000 Āgra
73%
15 1,480,000 Ashgabat
73%
12 1,660,000 Abu Dhabi
70%
18 1,390,000 Antalya
65%
10 1,770,000 Adana
59%
5 2,350,000 Ānshān
58%
16 1,450,000 Amritsar
43%
14 1,510,00 Allahābād
38%
8 1,910,000 Aurangābād
38%
13 1,540,000 Angeles
37%
9 1,810,000 Ānyáng
34%
17 1,440,000 Ahvāz
29%
11 1,670,000 Āsansol
28%
No matching quizzes found
Score Distribution
Percent of People with Each Score
Percentile by Number Answered
Your Score History
You have not taken this quiz